000 00351 a2200145 4500
001 166985
020 _a
040 _cMagnum
100 _aCerquetti-Aberkane, Francoise
240 1 0 _aO ensino da matematica na educacao infantil
_lpor
245 1 0 _aO ensino da matematica na educacao infantil
362 0 _a1899
697 _aENSINO
942 _cBK
999 _c166985
_d166985